2026 World Cup - Sweden Squad - Statistics

General Stats
  • This quiz has been taken 10 times
  • The average score is 12 of 25
Answer Stats
Hint Club Pos Answer % Correct
Liverpool Liverpool_FC.svg FW Alexander Isak
100%
Arsenal Arsenal_FC.svg FW Viktor Gyokeres
100%
Borussia Dortmund Borussia_Dortmund_logo.svg DF Daniel Svensson
80%
Newcastle United Newcastle_United_Logo.svg FW Anthony Elanga
70%
Tottenham Hotspur Tottenham_Hotspur.svg MF Lucas Bergvall
70%
Brighton Brighton_and_Hove_Albion_FC_crest.svg MF Yasin Ayari
70%
Aston Villa Aston_Villa_FC_new_crest.svg DF Victor Lindelof
60%
Celta Vigo RC_Celta_de_Vigo_logo.svg DF Carl Starfelt
50%
Leeds United Leeds_United_F.C._logo.svg DF Gabriel Gudmundsson
50%
Club Brugge Club_Brugge_KV_logo.svg FW Gustaf Nilsson
50%
Burnley Burnley_FC_Logo.svg DF Hjalmar Ekdal
50%
Udinese Udinese_Calcio_logo.svg MF Jesper Karlstrom
50%
Atalanta AtalantaBC.svg DF Emil Holm
40%
Derby County Derby_County_crest.svg GK Jacob Widell Zetterstrom
40%
Pafos Pafos_FC_crest.svg MF Ken Sema
40%
AIK AIK_logo.svg GK Kristoffer Nordfeldt
40%
Wolfsburg VfL_Wolfsburg_logo_2026.svg MF Mattias Svanberg
40%
Stoke City Stoke_City_FC_crest_2001.svg GK Viktor Johansson
40%
Holstein Kiel Holstein_Kiel_Logo.svg FW Alexander Bernhardsson
30%
Celtic Celtic_FC_crest.svg FW Benjamin Nygren
30%
Union St-Gilloise Royale_Union_Saint-Gilloise_logo.svg MF Besfort Zeneli
30%
SC Braga S.C._Braga_logo.svg DF Gustaf Lagerbielke
30%
Malmo Malmo_FF_logo.svg MF Taha Ali
30%
Mjallby AIF Mjallby_AIF_logo.svg DF Elliot Stroud
20%
St. Pauli FC_St._Pauli_logo_%282018%29.svg DF Erik Smith
20%
No matching quizzes found
Score Distribution
Percent of People with Each Score
Percentile by Number Answered
Your Score History
You have not taken this quiz